000 01145nam a2200265 a 4500
001 000020947
005 20240412074250.0
008 100824s1970 dr 001 e spa d
040 _aDO-SdBNP
_bspa
_cBNPHU
082 _aRD864.44
_bM669p
100 1 _aMiolán, Ángel,
_d1912-2010
_943877
245 1 0 _aPáginas dispersas /
_cÁngel Miolán ; presentación Eugenio María Contín.
260 _aSanto Domingo :
_bLibrería Dominicana,
_c1970.
300 _a205 p. ;
_c22 cm.
490 1 _aLetras de Quisqueya
500 _aIncluye datos biográficos del autor en la solapa.
505 0 _tReportajes --
_tComentarios panamericanistas --
_tAntitrujillismo --
_tMensaje a la 1ª Convención Nacional del Partido del Pueblo --
_tTemas varios --
_tPequeña biografía de un gran hombre: Mahatma Gandhi o un nuevo Dios?.
650 4 _aEnsayo dominicanos
_943878
650 0 _aLiteratura dominicana.
_967
650 4 _aDiarios dominicanos
_xSecciones, columnas, etc.
_944
700 1 _aMaría Contín, Eugenio
_943879
830 0 _aLetras de Quisqueya (República Dominicana)
_943880
910 _aValidado. Control de calidad EMS.
049 _aBNPD
999 _c20450
_d20450